Psychologická vojna

Bibliographic Details
Main Authors: Kolaja, Jan (Author), Volkogonov, Dmitrij Antonovič, 1928-1995 (Author)
Format: Article
Language:Slovak
PhysicalDescription:Lit. 2 zázn. v češ.
Subjects:

MARC

LEADER 00000nab a2200000 a 4500
001 vtls000241500
003 SK-MaSNL
005 20260303215611.0
008 111130c1986 xo 0 slo
015 |a SNBRB19rr/mm-uuuuu 
035 |a CL0251614 
040 |a SNKBUCL  |b slo  |c SNKBUCL  |e AACR2 
041 0 |a slo 
044 |a xo  |c SK 
080 |a 355.01  |2 1981 
100 1 |a Kolaja, Jan  |4 aut  |9 509254 
245 1 0 |a Psychologická vojna  |c Jan Kolaja ; D.nA. Volkogonov 
300 |b Lit. 2 zázn. v češ. 
650 0 7 |a psychologická vojna  |2 snkbucl  |9 75003 
655 7 |a články z novín a časopisov  |2 snkbucl  |9 267496 
700 1 |a Volkogonov, Dmitrij Antonovič,  |d 1928-1995  |4 aut  |9 122989 
773 0 |t Osvetová práca  |g Roč. 36, č. 6 (1986), s. 22-23 
787 0 8 |i Rec.:  |a Volkogonov, D. A.  |t Psychologická válka  |d Praha : Naše vojsko, 1985 
850 |a Slovenská národná knižnica v Martine  |a MTA001 
852 |a SNK  |b KIS3GCP 
958 |a RK 
992 |a RBX 
999 |c 2222331  |d 2224261